UCI WT EF Education - EasyPost riders 2025. - Statistics

General Stats
  • This quiz has been taken 30 times
    23 since last reset
  • The average score is 15 of 29
Answer Stats
Hint Answer % Correct
IRE Ben Healy
100%
ECU Richard Carapaz
100%
COL Esteban Chaves
86%
GBR Hugh Carthy
86%
USA Neilson Powless
86%
POR Rui Costa
86%
DEN Kasper Asgreen
79%
EST Madis Mihkels
79%
NLD Marijn van den Berg
79%
ECU Jefferson Alexander Cepeda
71%
IRE Darren Rafferty
57%
IRE Archie Ryan
50%
GBR James Shaw
50%
DEN Michael Valgren
50%
USA Sean Quinn
50%
SPA Markel Beloki
43%
DEN Mikkel Frølich Honoré
43%
JAP Yuhi Todome
43%
GER Georg Steinhauser
36%
GBR Lukas Nerurkar
36%
ITA Samuele Battistella
36%
FRA Alex Baudin
29%
NLD Jardi Christiaan van der Lee
29%
GBR Owain Doull
29%
AUS Harry Sweeny
21%
ITA Vincenzo Albanese
21%
GBR Jack Rootkin-Gray
14%
GBR Max Walker
14%
AUS Alastair Mackellar
7%
No matching quizzes found
Score Distribution
Percent of People with Each Score
Percentile by Number Answered
Your Score History
You have not taken this quiz since the last reset